000 00680nam a2200217 a 4500
003 PILC
005 20160205102725.0
008 111110s19uu xx 00 eng d
020 _a9781849200622
050 _aBF 636.6
_b.M39 2011
100 _aMcLeod, John.
245 _aQualitative research in counselling and psychotherapy /
_cJohn McLeod.
250 _a2nd edition.
260 _aLondon :
_bSage,
_c2011.
300 _a338 pages :
_billustrations ;
_c26 cm
500 _aIncludes bibliographical references and indexes.
650 _aCounselling
_xResearch
_xMethodology.
650 _aPsychotherapy
_xResearch
_xMethodology.
942 _cBK
_2lcc
_kFOR
999 _c39712
_d39712